Statistics for Best All-Time MLB Lineups

Click here to take the quiz!

General Stats

  • This quiz has been taken 195 times
  • The average score is 125 of 270

Answer Stats

TeamPositionPlayer% Correct
Arizona Diamondbacks | Seattle MarinersSPRandy Johnson
93%
Minnesota TwinsSPWalter Johnson
92%
CFAdam Jones
87%
CFAndruw Jones
87%
3BChipper Jones
87%
LFCleon Jones
87%
Atlanta BravesSPGreg Maddux
85%
LFTed Williams
85%
3B | SSAlex Rodriguez
84%
LFBilly Williams
84%
3BMatt Williams
84%
RFBabe Ruth
82%
SSDerek Jeter
82%
CIvan Rodriguez
82%
2BJackie Robinson
79%
3BBrooks Robinson
78%
1BDavid Ortiz
78%
LF | RFFrank Robinson
78%
RFHank Aaron
78%
CFMike Trout
78%
SSCal Ripken Jr.
77%
3BEdgar Martinez
77%
RFJuan Gonzalez
77%
LFLuis Gonzalez
77%
CFMickey Mantle
75%
1BFrank Thomas
74%
CFGorman Thomas
74%
SSHanley Ramirez
74%
CFKen Griffey Jr.
74%
1BPaul Goldschmidt
74%
LFJoe DiMaggio
73%
1BLou Gehrig
73%
SSOzzie Smith
73%
Boston Red SoxSPPedro Martinez
73%
1BPete Rose
73%
RFReggie Jackson
73%
CVictor Martinez
73%
CYogi Berra
73%
CFJoe Jackson
71%
CJohnny Bench
71%
SSTravis Jackson
71%
LFBarry Bonds
70%
1BFreddie Freeman
70%
3BGeorge Brett
70%
3BMiguel Cabrera
70%
3BMike Schmidt
70%
CFWillie Mays
70%
1BJim Thome
69%
CMike Piazza
69%
1BAlbert Pujols
68%
Houston Astros | Los Angeles Angels | Texas RangersSPNolan Ryan
68%
RFCarl Yastrzemski
67%
1BJeff Bagwell
67%
2BJose Altuve
67%
1BRyan Howard
67%
Los Angeles DodgersSPSandy Koufax
67%
SSRobin Yount
66%
1BTodd Helton
66%
CCraig Biggio
65%
RFLarry Walker
65%
RFRoberto Clemente
65%
CSalvador Perez
65%
3BTony Perez
65%
St. Louis CardinalsSPBob Gibson
64%
SSErnie Banks
64%
SSMichael Young
64%
RFTony Gwynn
64%
LFGeorge Bell
63%
New York MetsSPTom Seaver
63%
CBuster Posey
62%
SSCarlos Correa
62%
CFDave Henderson
62%
LFGiancarlo Stanton
62%
CJoe Mauer
62%
LFRickey Henderson
62%
CFTy Cobb
62%
CYadier Molina
62%
1BAlvin Davis
60%
CFEric Davis
60%
CGary Carter
60%
CFJoe Carter
60%
1BPrince Fielder
60%
1BRyan Zimmerman
60%
RFWillie Davis
60%
RFDarryl Strawberry
59%
1BHarmon Killebrew
59%
SSJimmy Rollins
59%
2BJoe Morgan
59%
2BRyne Sandberg
59%
RFVladimir Guerrero
59%
3BDavid Wright
58%
2BDustin Pedroia
58%
SSHonus Wagner
58%
2BChase Utley
57%
3BEvan Longoria
57%
Baltimore OriolesSPJim Palmer
57%
LFRyan Braun
57%
RFSammy Sosa
57%
1BWillie Stargell
57%
3BAdrian Beltre
56%
RFIchiro Suzuki
56%
LFKirby Puckett
56%
3BNolan Arenado
55%
2BRobinson Cano
55%
3BWade Boggs
55%
CCarlton Fisk
54%
CFStan Musial
54%
New York YankeesSPWhitey Ford
54%
1BWillie McCovey
54%
3BAlex Bregman
53%
RFChristian Yelich
53%
Miami MarlinsSPJose Fernandez
53%
Washington NationalsSPMax Scherzer
53%
SSTony Fernandez
53%
1BAnthony Rizzo
52%
SSBarry Larkin
52%
Toronto Blue JaysSPRoy Halladay
52%
CF | RFCarlos Beltran
51%
SSJose Reyes
51%
1B | 2BRod Carew
51%
1BEddie Murray
49%
3BJustin Turner
49%
1BKeith Hernandez
49%
SSPee Wee Reese
49%
SSTrea Turner
49%
3BPaul Molitor
48%
2BRoberto Alomar
48%
RFAl Kaline
47%
CFGeorge Springer
47%
CFJosh Hamilton
47%
SSNomar Garciaparra
47%
Philadelphia PhilliesSPSteve Carlton
47%
Tampa Bay RaysSPDavid Price
46%
LFGarret Anderson
46%
RFJose Bautista
46%
CJ.T. Realmuto
46%
2BNellie Fox
46%
2BRogers Hornsby
46%
CFAndre Dawson
45%
Cleveland GuardiansSPBob Feller
45%
1BCarlos Delgado
45%
1BJimmie Foxx
45%
LFJose Cruz
45%
RFLance Berkman
45%
LFCarl Crawford
44%
San Francisco GiantsSPChristy Mathewson
44%
LFDale Murphy
44%
SSAlan Trammell
43%
3BJosh Donaldson
43%
CRoy Campanella
43%
RFTim Salmon
43%
CFDante Bichette
42%
Oakland AthleticsSPJim Hunter
42%
2BKetel Marte
42%
3BRon Santo
42%
CFTorii Hunter
42%
CFDuke Snider
41%
LFHank Greenberg
40%
2BJeff Kent
40%
1BRafael Palmeiro
40%
Kansas City RoyalsSPBret Saberhagen
38%
CJoe Torre
38%
1BDerek Lee
37%
LFLou Brock
37%
CDan Wilson
36%
RFGarry Sheffield
36%
CFHack Wilson
36%
Colorado RockiesSPUbaldo Jimenez
36%
RFMel Ott
35%
SSOmar Vizquel
35%
2BBrian Roberts
34%
Chicago CubsSPFerguson Jenkins
34%
1BFred McGriff
34%
CFTris Speaker
34%
3BAnthony Rendon
33%
RFBobby Abreu
33%
2BNap Lajoie
32%
3BTroy Glaus
32%
LFDave Winfield
31%
LFTim Raines
31%
2BFrank White
30%
2BIan Kinsler
30%
LFRalph Kiner
30%
2BDan Uggla
29%
LFGeorge Foster
29%
LFMatt Holliday
29%
CMiguel Montero
29%
2BBill Mazeroski
27%
CJonathan Lucroy
27%
San Diego PadresSPJake Peavy
26%
3BKen Caminiti
26%
CFSteve Finley
26%
2BD.J. LeMahieu
25%
2BEddie Collins
25%
Detroit TigersSPHal Newhouser
25%
2BBen Zobrist
24%
CBob Boone
24%
2BBret Boone
24%
Chicago White SoxSPMark Buehrle
24%
RFNick Markakis
24%
2BCharlie Gehringer
23%
CJason Kendall
23%
SSAlcides Escobar
22%
1BGil Hodges
22%
RFHarold Baines
22%
3BMike Lowell
22%
CFRichie Ashburn
22%
SSLuke Appling
21%
2BRickie Weeks
20%
SSBert Campaneris
19%
3BGary Gaetti
19%
3BRobin Ventura
19%
SSStephen Drew
19%
2BBobby Grich
18%
CFKevin Kiermaier
18%
LFDick Allen
15%
CErnie Whitt
15%
LFMinnie Minoso
15%
CFAmos Otis
14%
Pittsburgh PiratesSPBabe Adams
14%
Milwaukee BrewersSPBen Sheets
14%
CChris Iannetta
14%
RFEnos Slaughter
14%
LFLarry Doby
14%
RFRocky Colavito
14%
SSTroy Tulowitski
14%
2BEdgardo Alfonzo
13%
3BKen Boyer
13%
3BPie Traynor
13%
RFTony Oliva
13%
CBenito Santiago
12%
CBill Freehan
12%
CGabby Hartnett
12%
2BMarcus Giles
12%
CMickey Cochrane
12%
1BMike Sweeney
12%
1BNate Colbert
12%
CFCliff Floyd
11%
2BJose Vidro
11%
LFZack Wheat
11%
CFMax Carey
10%
RFTony Womack
10%
SSJim Fregosi
9%
SSJulio Lugo
9%
LFRaul Ibanez
9%
SSRoy Smalley
9%
LFRuben Sierra
9%
3BSal Bando
9%
Cincinnati RedsSPBucky Walters
8%
1BHarry Heilmann
8%
SSGarry Templeton
7%
CRick Dempsey
7%
3BAl Rosen
4%
CDioner Navarro
4%
SSJohnny Logan
3%
2BMark Loretta
3%
LFAlex Gordon
2%
RFSteven Souza Jr.
2%

Score Distribution

Percentile by Number Answered

Percent of People with Each Score

Your Score History

You have not taken this quiz